000 00831nam a22002177a 4500
005 20170731153128.0
010 _aENG-119480
020 _c2200.00
_a9788176295857
035 _aEN-103012
037 _bDBAD/PUB
082 _a378.54
100 _aGoel, Aruna
245 _aQuality and excellence in higher education /
_cby Aruna Goel [and] S.L. Goel
260 _aNew Delhi
_bDeep and Deep Publications
_c2010
270 _aF-159,Rajouri Garden
_bNew Delhi
_e110027
300 _axx,414p.:
_c22cm(Hb)
_bill.
500 _aIncludes index
505 _aFocus on- Master complexities in decision-making process by solving real life situations,Develop analytical and judgement abilities,a comprehensive coverage of over 100 Indian and foreign cases.
700 _a Goel,S.L.
942 _2ddc
_cEN
_mGOE
_h378.54
999 _c143004
_d143004